Money, Banking, Financial Markets and Instiutions/ (Record no. 184279)
[ view plain ]
| 000 -LEADER | |
|---|---|
| fixed length control field | 00590nam a22001817a 4500 |
| 005 - DATE AND TIME OF LATEST TRANSACTION | |
| control field | 20220311171207.0 |
| 010 ## - LCCN (DPL NO) | |
| LC control number | ENG-131180 |
| 020 ## - INTERNATIONAL STANDARD BOOK NUMBER | |
| International Standard Book Number | 978-93-5350-223-2 |
| Terms of availability | 499.00 |
| 035 ## - SYSTEM CONTROL NUMBER | |
| System control number | EN-114712 |
| 037 ## - SOURCE OF ACQUISITION | |
| Source of stock number/acquisition | DBAD |
| 082 ## - DEWEY DECIMAL CLASSIFICATION NUMBER | |
| Classification number | 332 |
| 100 ## - MAIN ENTRY--PERSONAL NAME | |
| Personal name | Brandl, Micheal W. |
| 245 ## - TITLE STATEMENT | |
| Title | Money, Banking, Financial Markets and Instiutions/ |
| Statement of responsibility, etc | Micheal W. Brandl |
| 260 ## - PUBLICATION, DISTRIBUTION, ETC. (IMPRINT) | |
| Place of publication, distribution, etc | Delhi |
| Name of publisher, distributor, etc | Cengage Learning India Private Limited |
| Date of publication, distribution, etc | 2019 |
| 270 ## - ADDRESS | |
| City | Delhi |
| Address | T-303, 3rd Floor, DAV Complex, Plot 3, Mayur Vihar Phase 1 |
| Postal code | 110091 |
| 300 ## - PHYSICAL DESCRIPTION | |
| Extent | 527p. |
| Dimensions | 25cm(pbk) |
| 942 ## - ADDED ENTRY ELEMENTS (KOHA) | |
| Source of classification or shelving scheme | Dewey Decimal Classification |
| Item type | English Books |
| Classification part | 332 |
| Call number suffix | BRA |
| Withdrawn status | Lost status | Not for loan | Collection code | Home library | Current library | Date acquired | Source of acquisition | Cost, normal purchase price | Full call number | Barcode | Copy number | Cost, replacement price | Koha item type |
|---|---|---|---|---|---|---|---|---|---|---|---|---|---|
| Non-fiction | Bawana | Bawana | 17/01/2022 | DBAD/PUB | 499.00 | 332 BRA | EN-114712 | 1 | 499.00 | English Books |
